000 00846nam a2200205Ii 4500
003 JO-AjNU
008 230605s9999||||xx |||||||||||||| ||und||
040 _aJO-AjNU
_bara
_erda
_cJO-AjNU
041 _aara
050 1 4 _aHF5679.Q25 2004
100 3 _aتأليف قاسم، عبدالرزاق محمد,
_eauthor
_945174
245 0 0 _aتحليل وتصميم نظم المعلومات المحاسبية = Analyses and Design of Accounting Information Systems
250 _aط1 الاصدار الاول
264 3 1 _aعمان: مكتبة دار الثقافة للنشر والتوزيع، 2004
300 _a416ص
_bيحتوي على ببلوغرافية من ص409-416ص
336 _atext
_btxt
_2rdacontent
337 _aunmediated
_bn
_2rdamedia
338 _avolume
_bnc
_2rdacarrier
650 4 _aالمحاسبة المالية
_945175
999 _aA19562
_c23130
_d23130